| 000 | 00550nam a2200229Ia 4500 | ||
|---|---|---|---|
| 003 | BUBTL | ||
| 008 | 151213s9999 xx 000 0 und d | ||
| 020 | _a0-7069-9586-4 | ||
| 082 | _a337MAI | ||
| 100 | _aH.G. Mannur | ||
| 245 |
_aInternational Economics _cH.G. Mannur |
||
| 250 | _a2nd | ||
| 260 |
_aNew Delhi _bVikas _cc1999 |
||
| 300 |
_a[xv],461p. _c23cm. |
||
| 650 | _aEconomics | ||
| 650 | _aEconomics | ||
| 700 | _aH.G. Mannur | ||
| 760 | _b2nd | ||
| 856 |
_k0 _l0 _yDownload |
||
| 942 |
_2ddc _cBK |
||
| 999 |
_c1038 _d1038 |
||